Online
Catalog

Historia del Estado Yaracuy / (Record no. 5495)

MARC details
000 -CABECERA
campo de control de longitud fija 00595cam a2200181 a 4500
001 - NÚMERO DE CONTROL
campo de control 000005698
005 - FECHA Y HORA DE LA ÚLTIMA TRANSACCIÓN
campo de control 20200929151742.0
008 - DATOS DE LONGITUD FIJA--INFORMACIÓN GENERAL
campo de control de longitud fija 870113s1982 ve a b f001 0 spa
040 ## - FUENTE DE LA CATALOGACIÓN
Centro catalogador/agencia de origen DO-SdBNP
Centro/agencia transcriptor DLC
Centro/agencia modificador DLC
082 ## - NÚMERO DE LA CLASIFICACIÓN DECIMAL DEWEY
Número de clasificación 987.26
Número de documento/Ítem P427h
100 1# - ENTRADA PRINCIPAL--NOMBRE DE PERSONA
Nombre de persona Perazzo, Nicolás.
9 (RLIN) 16093
245 10 - MENCIÓN DE TÍTULO
Título Historia del Estado Yaracuy /
Mención de responsabilidad, etc. Nicolás Perazzo.
260 ## - PUBLICACIÓN, DISTRIBUCIÓN, ETC.
Lugar de publicación, distribución, etc. Caracas :
Nombre del editor, distribuidor, etc. Presidencia de la República,
Fecha de publicación, distribución, etc. 1982.
300 ## - DESCRIPCIÓN FÍSICA
Extensión 251 p. :
Otras características físicas il. ;
Dimensiones 23 cm.
504 ## - NOTA DE BIBLIOGRAFÍA, ETC.
Nota de bibliografía, etc. Incluye referencias Bibliográficas: p. 243-251.
651 #4 - PUNTO DE ACCESO ADICIONAL DE MATERIA--NOMBRE GEOGRÁFICO
Nombre geográfico Yuracuy
Subdivisión geográfica Venezuela
Subdivisión general Histroia
9 (RLIN) 16094
910 ## - DATOS DE OPCIÓN DEL USUARIO (OCLC)
Datos de opción del usuario Catalogación por copia / LC
Holdings
Estado de retiro Estado de pérdida Restricciones de uso No para préstamo Código de colección Localización permanente Ubicación/localización actual Ubicación en estantería Fecha de adquisición Número de inventario Total de préstamos Signatura topográfica completa Código de barras Fecha visto por última vez Precio válido a partir de Tipo de ítem Koha
    Préstamo interno   Monografías: Libros y Folletos General General En catalogación 21.08.2009 LF1   987.26 P427h 5698-10 25.06.2020 25.06.2020 Préstamo interno

Powered by Koha